Teaching of mathematics at elementary level (Record no. 1386392)

MARC details
000 -LEADER
fixed length control field 00634nam a2200229Ia 4500
005 - DATE AND TIME OF LATEST TRANSACTION
control field 20250508163957.0
008 - FIXED-LENGTH DATA ELEMENTS--GENERAL INFORMATION
fixed length control field 008 250505s9999 xx 000 0 eng d
020 ## - INTERNATIONAL STANDARD BOOK NUMBER
International Standard Book Number 81-7063-040-1
037 ## - SOURCE OF ACQUISITION
Stock number TextBook
040 ## - CATALOGING SOURCE
Original cataloging agency FEDL
Language of cataloging eng
Transcribing agency FEDL
041 ## - LANGUAGE CODE
Language code of text/sound track or separate title eng
Source of code eng
084 ## - COLON CLASSIFICATION NUMBER
Classification number 510.7, MIG
Assigning agency FEDL
100 ## - MAIN ENTRY--PERSONAL NAME
Personal name Miglani R K
245 #0 - TITLE STATEMENT
Title Teaching of mathematics at elementary level
260 ## - PUBLICATION, DISTRIBUTION, ETC.
Place of publication, distribution, etc. New Delhi, India
Name of publisher, distributor, etc. Arya Book Depot
Date of publication, distribution, etc. 2002
300 ## - PHYSICAL DESCRIPTION
Extent 336p
365 ## - TRADE PRICE
Price type code INR
Price amount 80
650 ## - SUBJECT ADDED ENTRY--TOPICAL TERM
Topical term or geographic name entry element Mathematics - Teaching
9 (RLIN) 756825
700 ## - ADDED ENTRY--PERSONAL NAME
Personal name Singh D P
9 (RLIN) 776919
942 ## - ADDED ENTRY ELEMENTS (KOHA)
Koha item type Textbook
Classification part 510.7, MIG
Holdings
Withdrawn status Lost status Damaged status Not for loan Home library Current library Date acquired Cost, normal purchase price Total Checkouts Full call number Barcode Date last seen Price effective from Koha item type
        Department of Education Library Department of Education Library 2025-05-08 80.00   510.7, MIG EL0079991 2025-05-08 2025-05-08 Textbook
Copyright @ Delhi University Library System